ABC África (Registro nro. 63897)

Detalles MARC
000 -ENCABEZADO
Número de control [NR] 01628nam a2200313Ia 4500
008 - DE LONGITUD FIJA DE DATOS DE ELEMENTOS - INFORMACIÓN GENERAL
Elementos de longitud fija [NR] 130821s2010 ir a gs mul
040 ## - FUENTE DE CATALOGACION [NR]
Agencia de catalogación original [NR] Co-BoUCM
Idioma de catalogación [NR] spa
041 00 - CODIGO DE IDIOMA [R]
Código de idioma para texto/pista de sonido o título separado [R]
092 ## - SIGNATURA TOPOGRAFICA LOCAL
Número de clasificación local DVD 0552
245 00 - MENCION DE TITULO [NR]
Título [NR] ABC África
Mención de responsabilidad, etc. [NR] [DVD]
-- [dirigido por] Abbas Kiarostami
260 ## - PUBLICACION, DISTRIBUCION, ETC. (PIE DE IMPRENTA) [R]
Lugar de publicación, distribución, etc. [R] Teherán (Irán)
Nombre del editor, distribuidor, etc. [R] Harvest Films Production
Fecha de publicación, distribución, etc. [R] 2010
300 ## - DESCRIPCION FISICA [R]
Extensión [R] 1 DVD
Otros detalles físicos [NR] son. color
500 ## - NOTA GENERAL [R]
Nota general [NR] Coproducción Irán-Uganda.
500 ## - NOTA GENERAL [R]
Nota general [NR] SINOSPSIS : En respuesta a una invitación para rodar una película acerca de los huérfanos de enfermos de sida en Uganda, Kiarostami y un colega viajan hasta allí para documentarse y preparar el eventual rodaje de un documental. Pero las imágenes filmadas con sus dos cámaras digitales bastarán para componer este film.
508 ## - NOTA DE CREDITOS DE CREACION/PRODUCCION [R]
Nota de créditos de creación/producción [NR] Director, Abbas Kiarostami ; guión, Abbas Kiarostami ; fotografía, Seyfolah Samadian.
511 ## - NOTA DE PARTICIPANTE O INTERPRETE [R]
Nota de participante o intérprete [NR] Abbas Kiarostami, Seifollah Samadian, Ramin Rafirasme.
546 ## - NOTA DE IDIOMA [R]
Nota de idioma [NR] Audio en Inglés, y Farsi. Subtítulos en Español y Catalán.
650 04 - ASIENTO SECUNDARIO DE MATERIA - TERMINO TEMATICO [R]
Término temático o nombre geográfico como elemento de entrada [NR] Bienestar social
9 (RLIN) 10081
650 04 - ASIENTO SECUNDARIO DE MATERIA - TERMINO TEMATICO [R]
Término temático o nombre geográfico como elemento de entrada [NR] Cine documental
Subdivisión geográfica [R] Irán
Subdivisión de forma [R] DVD
9 (RLIN) 10842
650 04 - ASIENTO SECUNDARIO DE MATERIA - TERMINO TEMATICO [R]
Término temático o nombre geográfico como elemento de entrada [NR] Cine documental
Subdivisión geográfica [R] República de Uganda (África)
Subdivisión de forma [R] DVD
9 (RLIN) 10842
650 04 - ASIENTO SECUNDARIO DE MATERIA - TERMINO TEMATICO [R]
Término temático o nombre geográfico como elemento de entrada [NR] Entretenimiento
9 (RLIN) 26487
650 04 - ASIENTO SECUNDARIO DE MATERIA - TERMINO TEMATICO [R]
Término temático o nombre geográfico como elemento de entrada [NR] Niños
Subdivisión general [R] Condiciones sociales
Subdivisión geográfica [R] República de Uganda (África)
Subdivisión de forma [R] DVD
9 (RLIN) 127
650 04 - ASIENTO SECUNDARIO DE MATERIA - TERMINO TEMATICO [R]
Término temático o nombre geográfico como elemento de entrada [NR] Salud pública
9 (RLIN) 8073
650 04 - ASIENTO SECUNDARIO DE MATERIA - TERMINO TEMATICO [R]
Término temático o nombre geográfico como elemento de entrada [NR] Sida
Subdivisión geográfica [R] República de Uganda (África)
Subdivisión de forma [R] DVD
9 (RLIN) 80
700 1# - ASIENTO SECUNDARIO - NOMBRE PERSONAL [R]
Nombre personal [NR] Kiarostami, Abbas
Fechas asociadas con el nombre [NR] 1940-
Término de relación [R]
710 2# - ASIENTO SECUNDARIO - NOMBRE CORPORATIVO [R]
Nombre corporativo o de jurisdicción como elemento de entrada [NR] Harvest Films Production
856 04 - LOCALIZACION Y ACCESO ELECTRONICOS [R]
Identificador Uniforme del Recurso (“URI”) [R] <a href="http://www.youtube.com/watch?v=gFiPJqZpvd8">http://www.youtube.com/watch?v=gFiPJqZpvd8</a>
Nota dirigida al público [R] Siga este vínculo para ver el trailer.
942 ## - ELEMENTOS DE ENTRADA AGREGADOS (KOHA)
Tipo de ítem principal el descrito en 300a Multimedia
Sistema de clasificación LOCAL
Tema principal Sociología
Edición 1
Existencias
Fecha de último préstamo Código de barras Última vez visto Volúmen / Fascículo Ejemplar Price effective from Tipo de ítem Perdido Sistema de clasificación Dañado No prestable Tipo de ítem específico Suprimido Ubicación habitual Ubicación actual Localización Fecha de creación Forma de adquisición Costo Total préstamos Total Renewals
07/05/2012 100102131 09/12/2025 DVD 0552 Ej.1 03/02/2013 Multimedia   LOCAL   Préstamo restringido DVD   Procesos Técnicos Procesos Técnicos (no para préstamo) Procesos Técnicos 19/02/2013 Compra 22871.00    
14/07/2017 100106610 12/12/2025 DVD 0552 Ej.2 03/02/2013 Multimedia   DEWEY     DVD   Quinta de Mutis Quinta de Mutis Colección digital 19/02/2013 Donación 26000.00 13 2